000 00618nam a22002297a 4500
003 UA-OsUOA
001 95540
007 ta
008 20130304b un ||||| |||| 00| 0 ukr d
100 _aКасумов И.
090 _a821.512.166
_bК28
942 _cBK
040 _aUA-OsUOA
_brus
_cUA-OsUOA
_dUA-OsUOA
245 _aЧеловек бросает якорь
300 _a221 с.
955 _a3
041 _arus
080 _a821.512.166
260 _aМ.
_bСоветский писатель
_c1969
650 7 _a82 Література. Літературознавство
_2UDC
999 _c381782
_d381782